LEADER 01954nam a2200325 i 4500 001 991002147149707536 005 20020508191251.0 008 960614s1970 it ||| | ita 035 $ab10966195-39ule_inst 035 $aPARLA155940$9ExL 040 $aDip.to scienze storiche$bita 100 1 $aTiraboschi, Girolamo$d<1731-1794>$0181075 245 10$aBiblioteca Modenese o notizie della vita e delle opere degli scrittori natii degli stati del serenissimo signor Duca di Modena /$craccolte e ordinate da Girolamo Tiraboschi 260 $aBologna :$bForni,$c1970 300 $a7 v. ;$c22 cm. 490 0 $aItalica gens : Repertori di bio-bibliografia italiana ;$v22 500 $aRipr.facs. dell.ed.: Modena; Societa Tipografica, MDCCLI-MDCCLVI 650 4$aModena - Biobiliografie 907 $a.b10966195$b23-02-17$c28-06-02 912 $a991002147149707536 945 $aLE009 STOR.09-49$g1$i2009000147768$lle009$o-$pE0.00$q-$rl$s- $t0$u0$v0$w0$x0$y.i11076173$z28-06-02 945 $aLE009 STOR.09-49a$cV. 2$g1$i2009000147775$lle009$o-$pE0.00$q-$rl$s- $t0$u0$v0$w0$x0$y.i11076185$z28-06-02 945 $aLE009 STOR.09-49b$cV.3$g1$i2009000147782$lle009$o-$pE0.00$q-$rl$s- $t0$u0$v0$w0$x0$y.i11076197$z28-06-02 945 $aLE009 STOR.09-49c$cV.4$g1$i2009000147799$lle009$o-$pE0.00$q-$rl$s- $t0$u0$v0$w0$x0$y.i11076203$z28-06-02 945 $aLE009 STOR.09-49e,2$cV.6,2$g1$i2009000147805$lle009$o-$pE0.00$q-$rl$s- $t0$u0$v0$w0$x0$y.i11076215$z28-06-02 945 $aLE009 STOR.09-49e,1$cV.6,1$g1$i2009000147812$lle009$o-$pE0.00$q-$rl$s- $t0$u0$v0$w0$x0$y.i11076227$z28-06-02 945 $aLE009 STOR.09-49d$cV.5$g1$i2009000147829$lle009$o-$pE0.00$q-$rl$s- $t0$u0$v0$w0$x0$y.i11076239$z28-06-02 996 $aBiblioteca Modenese o notizie della vita e delle opere degli scrittori natii degli stati del serenissimo signor Duca di Modena$9863650 997 $aUNISALENTO 998 $ale009$b01-01-96$cm$da $e-$fita$git $h0$i7